Typologie osobnosti pro manažery kdo jsem já, kdo jste vy?
Salvato in:
| Autore principale: | |
|---|---|
| Natura: | Libro |
| Lingua: | ceco |
| Pubblicazione: |
Praha
Management Press
1996
|
| Edizione: | 1. vyd. |
| Soggetti: | |
| Tags: |
Nessun Tag, puoi essere il primo ad aggiungerne!!
|
MARC
| LEADER | 00000nam$a2200000$$$4500 | ||
|---|---|---|---|
| 001 | 0101649 | ||
| 005 | 20240111125245.1 | ||
| 020 | |a 978-80-85943-12-2 | ||
| 041 | 0 | |a cze | |
| 044 | |a CZ | ||
| 245 | 1 | 0 | |a Typologie osobnosti pro manažery |b kdo jsem já, kdo jste vy? |c Michal Čakrt |
| 250 | |a 1. vyd. | ||
| 264 | 1 | |a Praha |b Management Press |c 1996 | |
| 300 | |a 257 s. | ||
| 610 | 2 | 0 | |a pracovníci riadiaci |
| 610 | 2 | 0 | |a manažéri |
| 610 | 2 | 0 | |a osobnosť |
| 610 | 2 | 0 | |a vedenie ľudí |
| 610 | 2 | 0 | |a pracovníci |
| 610 | 2 | 0 | |a správanie |
| 610 | 2 | 0 | |a psychológia riadenia |
| 610 | 2 | 0 | |a typológia pracovníkov |
| 610 | 2 | 0 | |a dotazníky |
| 100 | 1 | |a Čakrt, Michal | |